000 01612nam a2200397 c 4500
003 BLK
005 20250711141331.0
008 180408b bul|||||r ||||||| ||bul||
010 _aKNG00086091000
020 _a978-954-9696-05-9
_bиздат.: AMG
040 _aBLK
041 _aBUL
_cBUL
080 _aФизически упражнения
_b796.012.6
_x(035)
_z796.012.6(035)
100 1 _aМанокиа, Пат
_eпърви автор
_992180
700 1 _aГанчева, Анна
_eпрев.
_9300168
139 _aМанокиа, Пат
_bМ 27
245 1 0 _a[Фитнес] Fitness анатомия
_bНезаменим помощник в тренировките за начинаещи и напреднали
_cПат Манокиа; прев. Анна Ганчева.
257 _aUSA
260 София
_bAMG
_c2008
_fСофия : Алианс принт
300 _a192 с.
_bс цв. ил.
_c26 см
380 _a79
500 _aОриг. загл. Anatomy of Exercise : A Trainer's Inside Guide to Your Workout / Pat Manocchia. - Офс. изд.
590 _aф
650 4 _aФизически упражнения - наръчници и ръководства
_9252490
653 _aфитнес
653 _aфизически упражнения
653 _aанатомия
653 _aнаръчници
653 _aръководства
852 _aЦб ІІ 15381
856 4 _qpdf
_u
856 4 _qpdf
_u
942 _cKNG
_n0
_020
944 _aCR
_c29.10.2008
_k30576
_lЦветомила Тодорова
944 _aED
_c18.11.2008
_k
999 _c81587
_d81587